书目信息 |
| 题名: |
刑法学教学大纲
|
|
| 作者: | 高铭暄 , 马克昌 主编 | |
| 分册: | ||
| 出版信息: | 北京 中国人民大学出版社 1985 |
|
| 页数: | 142页 | |
| 开本: | 19cm | |
| 丛书名: | ||
| 单 册: | ||
| 中图分类: | D924.04 | |
| 科图分类: | ||
| 主题词: | 刑法--中国 | |
| 电子资源: | ||
| ISBN: | ||
| 000 | 00713nam0 2200253 45 | |
| 001 | 0185001250 | |
| 005 | 20050331111237.7 | |
| 010 | @dCNY0.65 | |
| 091 | @a6011.136 | |
| 100 | @a19900824d1985 em y0chiy0121 ea | |
| 101 | 0 | @achi |
| 102 | @aCN@b110000 | |
| 105 | @aa z 000yy | |
| 200 | 10 | @a刑法学教学大纲@Axing fa xue jiao xue da gang@f高铭暄, 马克昌主编@FGao Ming Xuan,Ma Ke Chang Zhu Bian |
| 210 | @a北京@c中国人民大学出版社@d1985 | |
| 215 | @a142页@d19cm | |
| 300 | @a高等学校法学教学大纲 | |
| 606 | @a刑法@x中国 | |
| 690 | @aD924.04@v3 | |
| 701 | 0 | @a高铭暄@4主编 |
| 701 | 0 | @a马克昌@4主编 |
| 801 | 0 | @aCN@b深圳图书馆@c20040425 |
| 801 | 2 | @aCN@bNLC@c20040425 |
| 905 | @dD924.04@e121@f1@b219929 | |
| 刑法学教学大纲/高铭暄, 马克昌主编.-北京:中国人民大学出版社,1985 |
| 142页;19cm |
| 高等学校法学教学大纲 |
| ISBN :CNY0.65 |
| ● |
| 相关链接 |
|
|
|
|
正题名:刑法学教学大纲
索取号:D924.04/121
 
预约/预借
| 序号 | 登录号 | 条形码 | 馆藏地/架位号 | 状态 | 备注 |
| 1 | 0219929 | 002009873 | 第一借阅区/ [索取号:D924.04/121] | 在馆 | |
| 2 | 0219930 | 001250121 | 密集书库/ [索取号:D924.04/121] | 在馆 | |
| 3 | 0219931 | 001250050 | 第一样本阅览室/ [索取号:D924.04/121] | 在馆 |